Größte Städte Großbritanniens - Statistiken

Allgemein
  • Dieses Quiz wurde 498 mal gespielt
  • Das Durchschnittsergebnis liegt bei 7 aus 10
Antwortstatistiken
Einwohnerzahl Stadt % Korrekt
8.888.608 London
100%
560.392 Manchester
97%
576.561 Liverpool
95%
1.161.258 Birmingham
90%
631.690 Glasgow
81%
505.310 Edinburgh
76%
515.947 Leeds
69%
586.781 Bristol
47%
525.142 Sheffield
44%
487.837 Leicester
31%
Keine übereinstimmenden Quizze gefunden
Verteilung der Resultate
Anzahl Personen mit jedem Resultat
Perzentil nach korrekt beantworteten Fragen
Ihre Resultats-Entwicklung
Sie haben dieses Quiz noch nicht gespielt